| Tag |
First Indicator |
Second Indicator |
Subfields |
| LEADER |
00000cam a2200000 i 4500 |
| 001 |
in00003740366 |
| 005 |
20190412184618.0 |
| 006 |
m fo d f |
| 007 |
cr bn nnnauuuu |
| 008 |
150105m19771978dcu ob f001 0 eng d |
| 035 |
|
|
|a ccn00514601
|
| 040 |
|
|
|a NjRocCCS
|b eng
|e rda
|c NjRocCCS
|d UtOrBLW
|
| 043 |
|
|
|a n-us---
|
| 050 |
|
4 |
|a KF5406
|b .A25 1977
|
| 110 |
1 |
|
|a United States.
|b Congress.
|b Senate.
|b Committee on Government Operations,
|e author.
|0 http://id.loc.gov/authorities/names/n79053106
|
| 245 |
1 |
0 |
|a Study on Federal regulation :
|b prepared pursuant to S. Res. 71, to authorize a study of the purpose and current effectiveness of certain Federal agencies /
|c Committee on Government Operations, United States Senate.
|
| 264 |
|
1 |
|a Washington :
|b U.S. Govt. Print. Off,
|c 1977-1978.
|
| 264 |
|
2 |
|a [Getzville, New York] :
|b William S. Hein & Co.,
|c [2015]
|
| 300 |
|
|
|a 1 online resource (3 volumes).
|
| 336 |
|
|
|a text
|b txt
|2 rdacontent
|
| 337 |
|
|
|a computer
|b c
|2 rdamedia
|
| 338 |
|
|
|a online resource
|b cr
|2 rdacarrier
|
| 490 |
1 |
|
|a HeinOnline U.S. federal agency documents, decisions, and appeals
|
| 490 |
1 |
|
|a Document - 95th Congress, 1st session, Senate ;
|v no. 95-25
|
| 588 |
|
|
|a Description based on PDF title page, viewed January 5, 2015.
|
| 500 |
|
|
|a Volumes 4-6 submitted by the committee under its later name: Committee on Governmental Affairs.
|
| 500 |
|
|
|a Volume 6 accompanied by: Appendix (x, 839 pages : ill., map ; 24 cm.).
|
| 504 |
|
|
|a Includes bibliographical references and index.
|
| 505 |
0 |
|
|a v. 1. The regulatory appointments process -- v. 2. Congressional oversight of regulatory agencies -- v. 3. Public participation in regulatory agency proceedings -- v. 4. Delay in the regulatory process -- v. 5. Regulatory organization -- v. 6. Framework for regulation.
|
| 650 |
1 |
0 |
|a Independent regulatory commissions
|z United States.
|0 http://id.loc.gov/authorities/subjects/sh2008104382
|
| 650 |
|
0 |
|a Administrative law
|z United States.
|0 http://id.loc.gov/authorities/subjects/sh2007100599
|
| 655 |
|
0 |
|a Electronic books.
|
| 710 |
1 |
|
|a United States.
|b Congress.
|b Senate.
|b Committee on Governmental Affairs,
|e issuing body.
|0 http://id.loc.gov/authorities/names/n79053105
|
| 776 |
1 |
8 |
|c Original
|w (DLC) 77602012
|
| 830 |
|
0 |
|a U.S. federal agency documents, decisions, and appeals.
|
| 830 |
|
0 |
|a Senate document (United States. Congress. Senate) ;
|v no. 95-25.
|0 http://id.loc.gov/authorities/names/n84709496
|
| 856 |
4 |
0 |
|u http://proxy.library.tamu.edu/login?url=http://www.heinonline.org/HOL/Index?index=usfed/stufereg&collection=usfed
|z Connect to the full text of this electronic book
|t 0
|
| 999 |
f |
f |
|s 82e13e0f-f716-3702-b8df-fe2ea2f15d81
|i 5aaabead-cd7b-3017-808e-c5a83025d8a2
|t 0
|
| 952 |
f |
f |
|a Texas A&M University
|b College Station
|c Electronic Resources
|d Available Online
|t 0
|e KF5406 .A25 1977
|h Library of Congress classification
|
| 998 |
f |
f |
|a KF5406 .A25 1977
|t 0
|l Available Online
|